A B C Mickey Mouse alphabet book, (Record no. 18077)

MARC details
000 -LEADER
fixed length control field 00599cam a22002051 4500
001 - CONTROL NUMBER
control field ca 36000395
003 - CONTROL NUMBER IDENTIFIER
control field DLC
005 - DATE AND TIME OF LATEST TRANSACTION
control field 20260227111141.0
008 - FIXED-LENGTH DATA ELEMENTS--GENERAL INFORMATION
fixed length control field 880802s1936 wiua j 000 1 eng
010 ## - LIBRARY OF CONGRESS CONTROL NUMBER
LC control number ca 36000395
035 ## - SYSTEM CONTROL NUMBER
System control number (OCoLC)18298531
040 ## - CATALOGING SOURCE
Original cataloging agency DLC
Transcribing agency RPB
Modifying agency RPB
-- DLC
042 ## - AUTHENTICATION CODE
Authentication code premarc
050 00 - LIBRARY OF CONGRESS CALL NUMBER
Classification number PZ10.3.D632
Item number Ab
110 2# - MAIN ENTRY--CORPORATE NAME
Corporate name or jurisdiction name as entry element Walt Disney Productions.
245 10 - TITLE STATEMENT
Title A B C Mickey Mouse alphabet book,
Statement of responsibility, etc. by Walt Disney.
260 ## - PUBLICATION, DISTRIBUTION, ETC.
Place of publication, distribution, etc. Racine, Wis.,
Name of publisher, distributor, etc. Whitman Publishing Co.
Date of publication, distribution, etc. [c1936]
300 ## - PHYSICAL DESCRIPTION
Extent [32] p.
Other physical details col. illus.
Dimensions 24 cm.
500 ## - GENERAL NOTE
General note Lining-papers illustrated in colors.

No items available.

Powered by Koha